000 00292nam a2200121Ia 4500
008 191201s2019 xx 000 0 und d
100 _aPETEROUTSOS, Evangelos
245 0 _aMastering TM visual Basic 6
260 _aN. Delhi
_bBPB
300 _a1285
650 _aB.Tech(CSE)
942 _2ddc
_cBK
999 _c6394
_d6394